000 00421nam a22001577a 4500
020 _a9788170358190
082 _a630
_bCHA/AG
245 _aAgricultural Knowledge at a Glance
250 _a3 rd Rev & Enl
260 _aNew Delhi
_bDaya Publishing House- Astral International (P) Ltd
_c2013
300 _a396
700 _aChavan U.D.
_91170
700 _aChavan K.D.
_91171
700 _aBhoite U.Y.
_91172
942 _cBK
999 _c14668
_d14668